UNESCO World Cultural Heritage Sites in China 中國世界文化遺產 - Statistics

General Stats
  • This quiz has been taken 184 times
  • The average score is 12 of 37
Answer Stats
Location 世界文化遺產 World Cultural Heritage Site % Correct
Beijing & Liaoning 故宮 Forbidden City and Mukden Palace
93%
Northern China 長城 The Great Wall
88%
Xi'an, Shaanxi 秦始皇陵 Mausoleum of the First Qin Emperor (Terracotta Warriors)
71%
Tibet 布達拉宮 Potala Palace, including the Jokhang Temple and Norbulingka
62%
Shandong 泰山 Mount Tai
55%
Beijing 頤和園 Summer Palace
55%
Beijing 天壇 Temple of Heaven
53%
Anhui 黃山 Mount Huangshan
45%
Gansu 莫高窟 Mogao Caves
44%
Sichuan 峨眉山,樂山大佛 Mount Emei, including Leshan Giant Buddha
40%
Yunnan 麗江古城 Old Town of Lijiang
38%
Shandong 曲阜孔廟 Temple and Cemetery of Confucius, and the Kong Family Mansion
38%
Luoyang, Henan 龍門石窟 Longmen Grottoes
35%
Jiangsu 蘇州古典園林 Classical Gardens of Suzhou
33%
Macau 澳門歷史城區 Historic Centre of Macau
33%
Zhejiang 杭州西湖 West Lake Cultural Landscape of Hangzhou
32%
Datong, Shanxi 雲岡石窟 Yungang Grottoes
27%
Fujian 武夷山 Mount Wuyi
24%
Northern & Eastern China 大運河 Grand Canal
23%
Jiangxi 廬山 Lushan
22%
Shanxi 平遙古城 Ancient City of Ping Yao
21%
Chongqing 大足石刻 Dazu Rock Carvings
21%
Hebei 承德 Mountain Resort and its Outlying Temples in Chengde
21%
Western China 絲綢之路 Silk Roads: the Routes Network of Chang'an-Tianshan Corridor
21%
Sichuan 青城山與都江堰 Mount Qingcheng and the Dujiangyan Irrigation System
20%
Anhui 西遞、宏村 Ancient Villages in Southern Anhui - Xidi and Hongcun
19%
Fujian 福建土樓 Fujian Tulou
19%
Hubei 武當山 Wudang Mountains
19%
Anyang, Henan 殷墟 Yin Xu
19%
Henan 登封 Dengfeng (Shaolin Temple)
16%
Beijing 周口店 Peking Man Site at Zhoukoudian
14%
Shanxi 五台山 Mount Wutai
13%
Ji'an, Jilin 高句麗王城 Capital Cities and Tombs of the Ancient Koguryo Kingdom
12%
Guangdong 開平碉樓 Kaiping Diaolou and Villages
12%
Xilingol, Inner Mongolia 元上都遺址 Site of Xanadu
12%
Yunnan 紅河哈尼梯田 Cultural Landscape of Honghe Hani Rice Terraces
8%
Beijing & Nanjing, Jiangsu 明清皇家陵寢 Imperial Tombs of the Ming and Qing Dynasties
3%
No matching quizzes found
Score Distribution
Percent of People with Each Score
Percentile by Number Answered
Your Score History
You have not taken this quiz